| 000 | 00842nam a22002417a 4500 | ||
|---|---|---|---|
| 001 | BR6900678 | ||
| 003 | BR-BrBNA | ||
| 005 | 20230928083548.0 | ||
| 007 | ta | ||
| 008 | 230509b bl.||||| |||| 00| 0 por d | ||
| 040 |
_aBR-BrBNA _bpor _cBiblioteca Nacional de Agricultura |
||
| 041 | _a(Por) | ||
| 072 |
_aL70 _b/G514 |
||
| 090 | _ L70 BR6900678 | ||
| 110 | 1 |
_aSociedade de Veterinaria do Rio Grande do Sul, Porto Alegre (Brasil) _99892 |
|
| 111 | 1 |
_a7 e 8. Conferencias da Sociedade de Veterinaria do Rio Grande do Sul _cPorto Alegre, RS (Brazil) _d22-26 Jul 1968; 21-25 Jul 1969 |
|
| 245 | 1 | _aAnais da 7. e 8. Conferencias da Sociedade de Veterinaria do Rio Grande do Sul [Brasil] | |
| 260 | 3 |
_aPorto Alegre, RS (Brasil): _c1969. |
|
| 300 | _a289 p. | ||
| 650 | _aVETERINARIA | ||
| 909 |
_a202309 _bLucia _c55 _dLucia Elande |
||
| 942 | _cBK | ||
| 999 |
_c14184 _d14184 |
||